Reliez l'actrice française au film #2 - Statistiques

Statistiques générales
  • Ce quiz a été pris 562 fois
  • Le résultat moyen est 7 sur 15
Statistiques - réponses
Hint Réponse % Correct
Intouchables Audrey Fleurot
71%
Connasse, princesse des coeurs Camille Cottin
71%
La vie d’Adèle Léa Seydoux
71%
RRRrrr!!! Marina Foïs
68%
La famille Bélier Karin Viard
61%
Et Dieu… créa la femme Brigitte Bardot
54%
Inglourious Basterds Mélanie Laurent
51%
Antoinette dans les Cévennes Laure Calamy
46%
Le Patient anglais Juliette Binoche
42%
Prête moi ta main Charlotte Gainsbourg
41%
L'armée des ombres Simone Signoret
36%
Vénus Beauté (Institut) Nathalie Baye
32%
La Belle Epoque Fanny Ardant
27%
Louise Michel Yolande Moreau
26%
Pupille Elodie Bouchez
21%
Aucun quiz correspondant
Distribution des résultats
% des personnes avec chaque résultat
Percentile par nombre de réponses
Votre historique - résultats
Vous n’avez pas pris ce quiz